| 000 | 01963nam a22002657a 4500 | ||
|---|---|---|---|
| 003 | OSt | ||
| 005 | 20210414104528.0 | ||
| 008 | 210414s2007 ck ad||gr|||| 00| 0 spa d | ||
| 020 | _a9789588340067 | ||
| 040 |
_aCO-JMCR _cCO-JMCR |
||
| 041 | 0 | _aspa | |
| 082 | 0 | 4 |
_a352. 09861 / _bD419g _223 |
| 110 | 2 |
_aDepartamento Nacional de Planeación _91612 |
|
| 245 | 1 | 0 |
_aGestión pública local / _cDepartamento Nacional de Planeación |
| 260 |
_aBogotá : _bDepartamento Nacional de Planeación : Escuela Superior de Administración Pública, _c2007 |
||
| 300 |
_a75 páginas : _bilustraciones y gráficas a blanco y negro ; _c22 cm. |
||
| 500 | _aIncluye notas a pie de página. | ||
| 505 | 0 | _aGestión pública orientada a resultados -- Competencias -- Planificación -- Organización administrativa -- Recursos -- Ejecución -- Control de seguimiento, evaluación y rendición de cuentas -- Dirección -- Gestión participativa | |
| 520 | 3 | _aLa gestión es la capacidad de llevar a cabo lo propuesto, por eso la gestión pública la podemos entender como la capacidad de los alcaldes y funcionarios gubernamentales para ejecutar los lineamientos programáticos consignados en los planes de desarrollo. Tal capacidad puede ser ejercida atendiendo las orientaciones y recomendaciones presentes en el actual documento que el DNP pone a disposición de las administraciones municipales colombianas, cuyo principal objetivo es dar orientaciones para que las prácticas gubernamentales sean ejercidas con legitimidad, transparencia, eficacia y eficiencia. El desarrollo de los municipios depende también de la calidad y eficiencia de las política y de la gestión pública. | |
| 650 | 1 | 4 |
_aAdministración municipal _vGuías _zColombia _936799 |
| 650 | 2 | 4 |
_aAdministración pública _vGuías _zColombia _936800 |
| 650 | 2 | 4 |
_aPlanificación regional _vGuías _zColombia _936801 |
| 650 | 2 | 4 |
_aDescentralización administrativa _vGuías _zColombia _936802 |
| 942 |
_2ddc _cBK |
||
| 999 |
_c15533 _d15533 |
||